Các công nghệ thi công cầu

Nội dung chủ yếu của cuốn sách bao gồm các công nghệ phục vụ thi công hai phần quan trọng của công trình là nền móng và kết cấu nhịp. Ngoài ra cũng có một số công nghệ đề cập đến hạng mục thi công riêng biệt như: thử cẩu, vận chuyển da...

Disgrifiad llawn

Wedi'i Gadw mewn:
Manylion Llyfryddiaeth
Prif Awdur: Nguyễn, Viết Trung
Fformat: Llyfr
Iaith:Undetermined
Cyhoeddwyd: Hà Nội Xây dựng 2006
Pynciau:
Tagiau: Ychwanegu Tag
Dim Tagiau, Byddwch y cyntaf i dagio'r cofnod hwn!
Thư viện lưu trữ: Trung tâm Học liệu Trường Đại học Cần Thơ
LEADER 00961nam a2200205Ia 4500
001 CTU_132099
008 210402s9999 xx 000 0 und d
020 |c 52000 
082 |a 624.2 
082 |b Tr513 
100 |a Nguyễn, Viết Trung 
245 0 |a Các công nghệ thi công cầu 
245 0 |c Nguyễn Viết Trung 
260 |a Hà Nội 
260 |b Xây dựng 
260 |c 2006 
520 |a Nội dung chủ yếu của cuốn sách bao gồm các công nghệ phục vụ thi công hai phần quan trọng của công trình là nền móng và kết cấu nhịp. Ngoài ra cũng có một số công nghệ đề cập đến hạng mục thi công riêng biệt như: thử cẩu, vận chuyển dầm, lặn hình... 
650 |a bridges - design and construction 
904 |i Thùy Trang 
980 |a Trung tâm Học liệu Trường Đại học Cần Thơ